[Event "EU-chT (Men) 15th"]
[Site "Gothenburg"]
[Date "2005.08.04"]
[Round "6.1"]
[White "Gelfand, Boris"]
[Black "Bacrot, Etienne"]
[Result "1/2-1/2"]
[WhiteElo "2724"]
[BlackElo "2729"]
[Annotator "Erenburg,S"]
[PlyCount "59"]
[EventDate "2005.07.30"]
[EventType "team-swiss"]
[EventRounds "9"]
[EventCountry "SWE"]
[SourceTitle "CBM 109"]
[Source "ChessBase"]
[SourceDate "2005.11.14"]
[SourceVersion "1"]
[SourceVersionDate "2005.11.14"]
[SourceQuality "1"]
[WhiteTeam "Israel"]
[BlackTeam "France"]
[WhiteTeamCountry "ISR"]
[BlackTeamCountry "FRA"]

1. e4 e5 2. Nf3 Nc6 3. Bb5 a6 4. Ba4 Nf6 5. O-O Be7 6. Re1 b5 7. Bb3 d6 8. c3
O-O 9. d4 ({Less ambitious option is} 9. h3 Na5 10. Bc2 c5 11. d4 {1-0 Leko,
P-Adams,M/Miskolc 2005/CBM 108_01/[Erenburg] (44)}) 9... Bg4 10. Be3 {
strengthening the centre. Another theoretical line is} (10. d5 Na5 11. Bc2 {
1-0 Comp Hydra-Adams,M/London 2005/CBM 108_01/[Erenburg] (28)}) 10... exd4 11.
cxd4 Na5 {attacking the light-squared bishops, and, preparing to carry out
c7-c5.} 12. Bc2 c5 {attacking white's centre.} ({Another attempt to equalize is
} 12... Nc4 13. Bc1 c5 {1/2-1/2 Kramnik,V-Adams,M/Dortmund 2005/CBM 108_01/
[Erenburg] (58)}) 13. h3 {White forces black immediately to define the
location of his light-squared bishop. Other continuations are:} (13. dxc5 dxc5
14. Nc3 Nc4 15. e5 {1-0 Nisipeanu,L-Ivanov,A/Moscow 2005/CBM 106/[Wedberg] (26)
}) (13. Nbd2 cxd4 14. Bxd4 Nc6 15. Be3 d5 {0-1 Ivanovic,B-Smejkal,J/Zagreb
1985/MCL/[Kharitonov] (43)}) 13... Bxf3 {giving white a pair of bishops. Black
can keep his light-squared bishop on the board as well:} (13... cxd4 14. Bxd4
Bh5 15. g4 Bg6 16. Nc3 Rc8 17. Rc1 Nc6 18. Be3 {1/2-1/2 Kasimdzhanov,R-Adams,M/
Tripoli 2004/CBM 102/[Ftacnik] (44)}) 14. Qxf3 cxd4 {opening the "c" file for
the rook.} ({Black faced some problems after} 14... Nc4 15. dxc5 dxc5 16. Nc3
Nd7 {1-0 Grischuk,A-Socko,B/Istanbul 2003/CBM 096/[Wedberg] (50)}) 15. Bxd4 Rc8
{Black allowed white to get a pair of bishops and superior pawn structure. But,
black can compensate it by development advantage.} (15... Nc6 {1-0 Dominguez,
L-Morovic Fernandez,I/Havana 2004/CBM 101/[Wedberg] (40)}) 16. Qd1 $146 {
The idea of this move is to keep the light-squared bishop on the board, as
well as to locate the queen far away from black's knights. White has the
following alternatives:} (16. Bb3 Nc6 17. Qd1 a5 18. Nc3 a4 19. Bd5 Nxd4 20.
Qxd4 Qa5 21. a3 $1 Nd7 22. Qb4 $16 {1-0 Grischuk,A-Tkachiev,V/France 2003/CBM
95/[Wedberg] (59)}) (16. Qd3 Nc6 17. Bc3 g6 18. Bb3 Nd7 19. a3 Nc5 20. Qd5 Nxb3
21. Qxb3 Bf6 22. Qd5 Bxc3 23. Nxc3 Qf6 24. Rad1 {1-0 Lanc,A-Mrva,V/SVK 1997/
EXT 98 (52). (51)}) 16... Nd7 {preparing the f6 square for the bishop.} 17. Nc3
Bf6 {[%cal Gb5b4,Yc8c2,Gf6d4,Yf6e5,Yd8f6] Now black threatens with b5-b4
advance with following capture on d4. Black's plan is to press white in the
centre by building battery: Be5-Qf6.} 18. Re2 $1 {protecting light-squared
bishop, and preparing to connect heavy pieces along the "d" file.} Be5 {
[%cal Ga5c4,Yd8f6] The following moves are worse, than the continuation in the
game:} (18... Nc6 19. Bxf6 Qxf6 20. Rd2 {winning the pawn.}) (18... Nc4 19. Nd5
$1 Nxb2 20. Nxf6+ Qxf6 21. Bxf6 Nxd1 22. Rxd1 Nxf6 23. Rxd6 $14) 19. Nd5 {
covering the f6 square.} ({Of course not} 19. Rd2 $2 {, due to} Nc4) ({After} 
19. Rc1 {black equalizes:} Nc4 20. b3 Qg5 $1 21. Bxe5 (21. bxc4 Bxd4 $17) 21...
Ncxe5 $11) 19... Nc6 20. Bc3 (20. Bxe5 $2 dxe5 {and black gets central d4
square.}) 20... Nb6 $1 {Black is willing to change white's centralized knight.}
(20... Bxc3 {doesn't equalize:} 21. Nxc3 Nb6 22. Bb3 Na5 23. Qd4 $14) 21. Rc1 {
Probably, after this move black equalizes the position...} ({Maybe,} 21. Bb3 $5
{, would give white more chances for an advantage. For example:} Bxc3 (21...
Nxd5 22. Bxe5 $1 {This is the point!} dxe5 (22... Nxe5 23. Bxd5 $14) 23. exd5
Na5 24. Rxe5 $14) 22. Nxc3 Na5 (22... Qf6 23. Rd2 Rfd8 24. Rc1 $14) (22... Ne5
23. Qd4 Nc6 {-leads to 22...Na5.}) 23. Qd4 Nc6 24. Qd3 Ne5 25. Qg3 $14) (21. a4
{leads to an equal position:} Nxd5 22. exd5 Bxc3 23. dxc6 Bxb2 24. Bxh7+ Kxh7
25. Rxb2 Rxc6 $11) 21... Nxd5 22. exd5 b4 $1 ({Less convincing is} 22... Bxc3
23. dxc6 Be5 (23... Bxb2 24. Bxh7+ $16) 24. Be4 $14) 23. dxc6 (23. Qd3 g6 24.
Bxe5 Nxe5 $11 25. Qxa6 $2 b3 $1 26. axb3 Nf3+ $1 27. Kh1 (27. gxf3 Qg5+ $19)
27... Nd4 $17) 23... bxc3 24. bxc3 Rxc6 $11 {The position is absolutely equal,
the opponents could agree a draw right now...} 25. Be4 Rb6 ({Worse is} 25...
Rxc3 $6 26. Rxc3 Bxc3 27. Qd3 $14) 26. c4 g6 27. Rb1 Rxb1 28. Qxb1 Qb8 29. Qxb8
Rxb8 30. g4 1/2-1/2

[Event "Dortmund SuperGM 33rd"]
[Site "Dortmund"]
[Date "2005.07.12"]
[Round "5"]
[White "Kramnik, Vladimir"]
[Black "Adams, Michael"]
[Result "1/2-1/2"]
[WhiteElo "2744"]
[BlackElo "2719"]
[Annotator "Erenburg,S"]
[PlyCount "115"]
[EventDate "2005.07.07"]
[EventType "tourn"]
[EventRounds "9"]
[EventCountry "GER"]
[EventCategory "19"]
[SourceTitle "CBM 108"]
[Source "ChessBase"]
[SourceDate "2005.09.26"]
[SourceVersion "1"]
[SourceVersionDate "2005.09.26"]
[SourceQuality "1"]

1. e4 e5 2. Nf3 Nc6 3. Bb5 a6 4. Ba4 Nf6 5. O-O Be7 6. Re1 b5 7. Bb3 O-O 8. d4
d6 9. c3 Bg4 10. Be3 {strengthening the centre.} ({Another theoretical
possibility is} 10. d5 {1-0 Comp Hydra-Adams,M/London 2005/CBM 108_01/
[Erenburg] (28)}) 10... exd4 11. cxd4 Na5 {transfering the knight to c4.} 12.
Bc2 Nc4 13. Bc1 c5 14. b3 {driving away the knight from the active position,
as well as preparing to fianchettoe the dark-squared bishop.} Nb6 15. Nbd2 (15.
Bb2 cxd4 16. Nbd2 Nfd7 17. h3 Bh5 18. g4 d3 19. Bxd3 Nc5 20. Bc2 Bg6 21. Nd4
Qd7 22. f4 f6 23. N2f3 Rfe8 24. Nf5 Bf8 25. Qd4 Qa7 26. Kh1 Rac8 27. Rac1 $14 {
1-0 Polgar,S-Slobodjan,R/Bad Homburg 1996/CBM 055/[Wedberg] (48)}) 15... Nfd7 {
intending to place the dark-sqaured bishop on a long diagonal, and sometimes,
Black's knight can occupy the c5 square.} (15... Rc8 16. h3 Bh5 17. g4 Bg6 18.
d5 Nfd7 19. Nf1 Re8 20. Ng3 Bf6 21. Rb1 $13 {1-0 Grischuk,A-Sokolov,I/Bled
2002/EXT 2003 (46)}) 16. h3 Bh5 17. Bb2 ({Another option is} 17. g4 Bg6 18. d5
Bf6 19. Rb1 Re8 20. Nf1 h6 21. Kg2 Rc8 22. Ng3 c4 23. Re2 $13 {0-1 Dominguez,
L-Bologan,V/Poikovsky RUS 2005/The Week in Chess 539 (52)}) 17... Re8 (17...
Rc8 {is also possible:} 18. Rc1 Re8 19. Bb1 cxd4 20. Bxd4 Bf6 21. Rxc8 Qxc8 22.
Qc1 Qb7 23. Qa3 Bxf3 24. Nxf3 $14 {1-0 Tseshkovsky,V-Vogt,L/Leipzig 1975/MCL/
[Bulletin] (41)}) 18. a4 {White is creating some pressure on the queenside, as
well as he adds an option of driving away the knight from b6.} ({White didn't
get anything special after} 18. Qb1 Bg6 19. a4 d5 20. axb5 axb5 21. Rxa8 Qxa8
22. dxc5 Nxc5 23. e5 Ne6 $11 {[%cal Ye7b4] 1/2-1/2 Adams,M-Sokolov,I/Wijk aan
Zee NED 2005/The Week in Chess 533 (31)}) 18... bxa4 19. bxa4 Rb8 $1 $146 {
Improvement in comparison to:} (19... cxd4 20. a5 d3 21. Bb1 $1 (21. Bxd3 $2
Nc5 {[%cal Gb6d7]}) 21... Nc8 22. Bxd3 Nc5 23. Bc4 $14 {1-0 Sax,G-Mazi,L/Bled
1994/TD (42)}) 20. a5 ({Another logical continuation is} 20. Rb1 cxd4 (20... d5
21. a5 Nc4 22. Nxc4 dxc4 23. Ba4 $14) 21. a5 (21. Bxd4 Bf6 22. Be3 d5) 21...
Bxf3 22. Qxf3 Ne5 23. Qe2 Nbd7 24. Bxd4 Rxb1 25. Rxb1 Qxa5 $11) (20. Ra2 $5 {
[%cal Gd1a1] looks very interesting...}) 20... Nc8 {Now Black's knight is
willing to occupy the b5 square via a7.} ({Black doesn't equalize after} 20...
Nd5 21. Nc4 Nc7 (21... Nf4 22. Bc1 (22. dxc5 Nxc5) 22... Ne6 23. g4 Bg6 24. d5
Nc7 25. Bf4 $14) 22. Rb1 $14) 21. Nc4 Na7 22. dxc5 (22. Rb1 Nb5 23. dxc5 (23.
d5 Bf6) 23... Nxc5 24. Qd5 Bxf3 25. gxf3 Ne6 $132) (22. d5 Bf6 $11 {[%cal
Ya7b5]}) 22... Nxc5 23. Qd2 {allowing Black to worsen White's pawn structure.}
({May be White should have prevented the exchange on f3 by} 23. Qd4 Bf8 (23...
Bf6 24. e5 Nc6 (24... Nb5 25. Qd5 Bxf3 26. Qxf3 dxe5 27. Bxe5 $14) 25. Qxd6
Qxd6 26. Nxd6 $16) 24. Nfd2 Bg6 $11 25. Nb6 $141 $6 Nc6 26. Qc3 Nxa5 $15) 23...
Bxf3 24. gxf3 Nc6 {geting the b4 square for the rook or for the knight...} (
24... Qc8 {isn't better.} 25. Kh2 Qe6 26. Nb6 Nc8 27. Rg1 Bf8 (27... Bf6 28.
Bxf6 Qxf6 29. Nd5 $18) 28. Qb4 $14) 25. Rad1 $6 {White allows Black to
eliminate the a5 pawn, which promises Adams better position.} ({Probably,
better was} 25. Rab1 Qd7 (25... Rb5 26. Bc3 Bf6 27. Bxf6 Qxf6 28. Qxd6 Re6 29.
Qc7 g6 $13) 26. Kh2 Qe6 27. Rg1 Ne5 28. Bxe5 (28. Nxe5 Rxb2 $15) 28... dxe5 29.
Qd5 Rxb1 30. Rxb1 Qf6 31. Qxe5 Qxf3 32. Kg1 (32. Qxe7 Qf4+ $19 {[%cal Ge8e7,
Yf4b8]}) 32... g6 $15) (25. Kh2 {is met by} Bg5 $1 $15) 25... Nxa5 $1 26. Nxa5
Rxb2 27. Nc4 Rb8 28. e5 ({White doesn't equalize after} 28. Nxd6 Bxd6 29. Qxd6
Qc8 $15) 28... d5 ({Worse is} 28... dxe5 {in view of} 29. Bxh7+ Kh8 30. Qc2 Qc7
(30... Qc8 31. Nxe5 $16) 31. Rxe5 (31. Nxe5 Bf6 $17) 31... Bf6 32. Rh5 $13) 29.
Qxd5 Qxd5 30. Rxd5 Rb4 {driving away the knight from his excellent position.}
31. Ne3 g6 {covering the f5 square.} ({After} 31... Ne6 32. Ra5 $11 {white
succeeds to win the a6 pawn.}) 32. Ra1 Ra8 {intending to push forward the "a"
pawn.} 33. Rdd1 {preparing the d5 square for the knight and coordinating the
rooks on the first rank.} Kf8 {protecting the bishop.} (33... Rb2 34. Rac1 {
[%cal Ge3c4]}) 34. Ra2 {covering the second rank.} Rab8 35. Nd5 Rb2 36. Rda1
Bh4 $1 {[%cal Yh4f2,Yb2f2]} 37. Ne3 $1 {[%cal Gf3f4,Ye3g2]} ({After} 37. f4 {
Black gets an obvious advantage:} Rxa2 38. Rxa2 Rd8 39. Nc3 Rd2 $17) 37... Bg5
({White is near to equality after} 37... Rxa2 38. Rxa2 Rd8 39. Ng2 $15 {
[%cal Gf3f4] /=}) 38. Nd5 ({Worse is} 38. Ng2 Bd2 39. f4 Ne6 {[%cal Ye6d4]} 40.
Bd3 a5 $17) 38... Bd2 39. f4 Rxa2 40. Rxa2 Rd8 {taking control over the "d"
file.} 41. Nf6 (41. Ne3 {leads to losing endgame.} Bxe3 42. fxe3 Rd2 $17 {/-+})
41... Bxf4 42. Ra5 $1 {driving away the knight from the key position.} (42.
Nxh7+ Kg7 43. Nf6 Rd2 $17) 42... Ne6 (42... Bxe5 43. Nxh7+ Kg7 44. Rxc5 Bd4 45.
Rc7 $11) ({Of course not} 42... Rc8 $4 43. Rxc5 $1 $18 {[%cal Yf6d7]}) 43.
Nxh7+ Kg7 44. Nf6 Rc8 ({Black has some chances after} 44... Bxe5 45. Ng4 Bd4
46. Rxa6 Nf4 $15) 45. Ba4 Rc5 (45... Nc5 46. Bd7 $11) 46. Rxc5 {The exact way
for a draw.} (46. Rxa6 Bxe5 47. Nd7 Rc1+ 48. Kg2 Bc7 49. Rc6 {[%cal Gd7c5]}
Nf4+ 50. Kf3 Rxc6 51. Bxc6 Nxh3 $15) 46... Nxc5 47. Bc6 a5 (47... Bxe5 48. Nd7
$11) 48. Nd7 $11 Ne6 49. Kg2 g5 (49... Nd4 50. Ba4 $11) 50. Ba4 Nd4 51. Nc5
Bxe5 52. Nb3 $11 {After White exchanges knights, the endgame is a dead draw.}
Nxb3 53. Bxb3 Kf6 54. Kf3 Bd4 55. Ke2 Ke7 56. f3 f6 57. Kd3 Be5 58. Ke4 1/2-1/2

[Event "Hoogovens op"]
[Site "Wijk aan Zee"]
[Date "1993.01.??"]
[Round "1"]
[White "Nijboer, Friso"]
[Black "Adams, Michael"]
[Result "1/2-1/2"]
[WhiteElo "2505"]
[BlackElo "2630"]
[Annotator "Ernst,T"]
[PlyCount "94"]
[EventDate "1993.01.??"]
[EventType "swiss"]
[EventRounds "12"]
[EventCountry "NED"]
[SourceTitle "CBM 034"]
[Source "ChessBase"]
[SourceDate "1993.06.01"]
[SourceVersion "1"]
[SourceVersionDate "1993.06.01"]
[SourceQuality "1"]

1. e4 e5 2. Nf3 Nc6 3. Bb5 a6 4. Ba4 Nf6 5. O-O Be7 6. Re1 b5 7. Bb3 O-O 8. d4
d6 9. c3 Bg4 10. d5 Na5 11. Bc2 c6 12. h3 Bc8 13. dxc6 Qc7 14. Nbd2 Qxc6 15.
Nf1 Nc4 16. a4 (16. Ng3 g6 (16... h6 17. Nh4 Re8 18. Nhf5 Bf8 19. Qf3 Re6 20.
a4 Bb7 21. axb5 axb5 22. Rxa8 Bxa8 23. b3 Nb6 24. Bd2 d5 25. exd5 Qc8 26. Ne3 {
Sax-Perenyi/Hungary ch/1977/1-0 (57)}) 17. Qe2 (17. Bh6 Re8 18. Qc1 Nd7 19. a4
Nf8 20. Nf1 Ne6 21. Ne3 Nxe3 22. Bxe3 Bd7 23. Qd2 Qb7 24. Qd3 Bc6 25. b4 Rec8 {
Sax-Lengyel/Hungary ch/1977/0.5 (26)}) (17. b3 Nb6 18. Bh6 Rd8 (18... Re8 19.
Qd2 Kh8 (19... Be6 20. Rac1 Kh8 21. Bd3 Ng8 22. Be3 f6 23. Nh2 Bf8 24. Ng4 d5
25. Bxb6 Qxb6 26. exd5 {Vasiukov,E-Petran,Pa/Budapest Elekes/1989/1-0 (42)})
20. Ng5 Be6 21. Nxe6 fxe6 22. Bg5 Qc7 23. Re3 Rad8 24. Rf3 Ng8 25. Rd1 Bxg5 26.
Qxg5 {Fedorowicz-Reshevsky /Lone Pine/1981/1-0 (45)}) 19. Qd2 Ne8 20. Be3 Ng7
21. Bxb6 Qxb6 22. Nf1 Bb7 23. Ne3 Rac8 24. Rac1 Ne8 25. b4 Nf6 26. Ng4 {
Kristiansen,J-Bryson,D/Novi Sad olm/1990/0.5 (37)}) 17... Bd7 (17... Bb7 18. a4
Rfc8 19. axb5 axb5 20. Rxa8 Rxa8 21. Bd3 Ra2 22. Bb1 Ra1 23. Bd3 Ra2 24. Bb1
Ra1 {Ciocaltea-Gligoric/Europa TCh/1977/0.5 (25)}) 18. Bd3 Kg7 (18... Rfe8 19.
Bg5 (19. a4 $6 Bf8 20. Nh2 h5 21. Nf3 Bg7 22. Bg5 Nh7 23. h4 Nb6 24. a5 Na4 25.
c4 b4 26. Bc2 {Kosashvili,Y-Lev,R/Tel Aviv-B (01)/1992/0-1 (57)}) 19... Kg7 20.
Rad1 h6 21. Bc1 Bf8 22. Nh2 Be6 23. Qf3 Be7 24. b3 Nb6 25. Qe3 Ng8 26. Nf3 {
Ivanovic,B-Ilincic,Z/JUG-ch/1990/1-0 (66)}) 19. Nh2 Ng8 20. Nhf1 $14 {Melcher,
W-Kobese,W/WRT-ch Zell/1991/}) (16. Ng3 Re8 17. a4 g6 (17... Bb7 $6 18. Qe2 (
18. Nf5 Bf8 19. Bg5 Re6 (19... d5 20. exd5 Qxd5 21. Qe2 e4 22. N3d4 Qe5 23.
axb5 axb5 24. Rxa8 Bxa8 25. b3 Nd6 26. f4 $13 {Polgar,J-Kamsky,G (02)/Paris
Immopar 25'/1992/0-1 (56)}) 20. Ra2 h6 21. axb5 axb5 22. Rxa8 Bxa8 23. Bc1 Qc7
24. Nh2 d5 25. exd5 Bxd5 26. Ng4 {Lepeshkin,V-Gavrilov,A/Moscow/1989/0-1 (41)})
18... Bf8 19. Bd3 (19. Bg5 Re6 20. Bd3 h6 21. b3 hxg5 22. axb5 axb5 23. Rxa8
Bxa8 24. bxc4 bxc4 25. Bxc4 d5 26. exd5 {Voitsekhovsky,S-Gavrilov,A/Smolensk/
1992/1-0 (37)}) 19... d5 20. axb5 axb5 21. Rxa8 Bxa8 22. exd5 Nxd5 23. Qf1 $1 (
23. Nf5 e4 24. Bxe4 Nxc3 25. bxc3 Rxe4 26. Qxe4 {Timman-Spassky /Montreal/1979/
0.5 (31)}) 23... f6 24. Nf5 Rb8 25. Be4 Qc5 26. Qd3 $14 {Schneider,
LA-Barkhagen,J/SVE-ch (02)/1991/1-0 (37)}) (17... Be6 $5 18. Ng5 Rad8 (18...
Bd7 19. b3 Nb6 20. a5 Nc8 21. Bd2 h6 22. Nf3 Bf8 23. Nh2 Ne7 24. Ng4 Nxg4 25.
hxg4 Rad8 26. Qf3 {Conquest,S-Hebden,M/Hastings Masters (6)/1990/0-1 (71)}) 19.
Nxe6 fxe6 20. Qe2 Rb8 21. axb5 axb5 22. b3 Nb6 23. Bd2 Nbd7 24. b4 Nb6 25. Ra7
Nc4 26. Bg5 {Ivanovic,B-Brenjo,S/JUG-ch (12)/1991/0.5 (56)}) 18. b3 (18. Bd3 $5
Nb6 19. axb5 axb5 20. Rxa8 Nxa8 21. Bh6 Nc7 22. Qe2 Bf8 23. Qd2 Bg7 24. Bc2 Ne6
25. Nh4 b4 26. Bxg7 {Sznapik,A-Hawelko/Warsaw zt-B/1987/1-0 (50)}) 18... Nb6
19. a5 Nbd7 20. Bd2 Nf8 $1 (20... Bb7 $6 21. b4 d5 22. exd5 Nxd5 $6 23. Bb3 $1
Rad8 24. Qc2 Kg7 25. Rad1 Nc7 26. h4 {King,D-Van der Wiel,J/Palma GMA-op (4)/
1989/1-0 (53)}) (20... Bf8 21. Rc1 Bb7 22. b4 d5 23. Bg5 Bg7 24. Qd2 Rac8 25.
exd5 Qxc3 26. Qxc3 {Khalifman,A-Kozlov,V/Riga/1988/0-1 (63)}) 21. Bd3 (21. Rc1
Rb8 22. Ng5 h6 23. Nf3 Kg7 24. Re3 Ng8 25. Nh2 Ne6 26. b4 {Palkovi,J-Petran,Pa/
Siofok Hungaroil (03)/1990/0.5 (41)}) 21... Be6 22. Ng5 d5 23. Nxe6 Nxe6 24.
exd5 Qxd5 25. Bh6 Red8 26. Bf1 $10 {Ulibin,M-Chiburdanidze,M/Sochi-A/1989/0.5 
(33)}) (16. b3 $6 Nb6 17. Qd3 Re8 18. Bd2 Bf8 $15 {Makropoulou,M-Xie Jun/
Malaysia iztW/1990/}) 16... Be6 17. Ng5 Bd7 18. b3 Na5 19. Bd2 Qc7 20. axb5
axb5 21. Ne3 Rfc8 22. Ra2 Qb7 23. Nd5 Bd8 24. Nxf6+ Bxf6 25. Qh5 Bxg5 26. Qxg5
Be6 $1 $132 27. Rb2 Nc6 28. Qg3 Ra3 29. f4 exf4 30. Bxf4 Ne5 31. Bxe5 dxe5 32.
Qxe5 Qa7+ 33. Kh2 Ra1 34. Rxa1 (34. Rbb1 Rxb1 35. Rxb1 Qa2 36. Bd3 $14) 34...
Qxa1 35. c4 h6 (35... bxc4 36. bxc4 Bxc4 37. Qc7 Qa8 $1 $10) 36. Qd4 Kh7 37.
e5+ g6 38. Bd3 (38. cxb5 $4 Rxc2 $19) 38... Ra8 39. Qf2 Rd8 40. Be4 bxc4 41.
bxc4 Bxc4 42. Bxg6+ Kxg6 (42... fxg6 $4 43. Rb7+ Kg8 44. Qf6 $18) 43. Rb6+ Be6
(43... Kh7 44. Qf4 $1 $40) 44. Rxe6+ fxe6 45. Qf6+ Kh7 46. Qe7+ Kg6 $1 47.
Qxe6+ Kh7 (47... Kh7 48. Qe7+ Kg6 49. Qxd8 Qxe5+ $10) 1/2-1/2

[Event "Interzonal-16"]
[Site "Biel"]
[Date "1993.??.??"]
[Round "8"]
[White "Yudasin, Leonid"]
[Black "Van der Sterren, Paul"]
[Result "1/2-1/2"]
[WhiteElo "2605"]
[BlackElo "2525"]
[Annotator "Ernst,T"]
[PlyCount "110"]
[EventDate "1993.07.16"]
[EventType "swiss"]
[EventRounds "13"]
[EventCountry "SUI"]
[SourceTitle "CBM 037"]
[Source "ChessBase"]
[SourceDate "1993.12.01"]
[SourceVersion "1"]
[SourceVersionDate "1993.12.01"]
[SourceQuality "1"]

1. e4 e5 2. Nf3 Nc6 3. Bb5 a6 4. Ba4 Nf6 5. O-O Be7 6. Re1 b5 7. Bb3 d6 8. c3
O-O 9. d4 Bg4 10. d5 Na5 11. Bc2 Qc8 12. h3 Bd7 13. Nbd2 c6 14. dxc6 Qxc6 15.
Nf1 Nc4 $5 (15... Rac8) (15... Rfe8) 16. Bd3 $5 (16. Ng3 Rfe8) (16. Qe2 $5) (
16. b3 Nb6 17. Bd2 Rfe8 {/\ <=>[+], ><c3}) 16... Rac8 {/\ <=><->c} (16... Rfe8
$5 {/\ g6, Bf8}) 17. Qe2 $5 {/\ b3, a4, /\ |^[+], /\ Bg5} Rfe8 18. Ng3 h6 $1 (
18... Bf8 19. Bg5) (18... Bd8 19. b3 Nb6 20. Bd2 {/\ Rac1}) (18... g6 19. Bg5
$1 $36) 19. b3 (19. Nh2 d5 {/\ Nd6}) 19... Nb6 20. Bd2 Bf8 21. Rac1 (21. Nh4 d5
) (21. Nh2 d5 22. Ng4 Nxg4 23. hxg4 Be6 $132 {><c3, f4}) 21... Qc7 $1 {/\ d5,
><e5} 22. Nh2 (22. Nh4 g6 23. Qf3 Qd8 $1 {פh4}) 22... d5 $1 $8 23. Qf3 {
/\ Ng4->>> ><f5} (23. Ng4 $2 Nxe4 {/\ f5}) 23... dxe4 $8 24. Nxe4 Nxe4 25. Bxe4
{/\ Ng4+/--> ><e5, >>} Bc6 $1 $8 {=} 26. Ng4 (26. Be3 Bxe4 {/\ Bc5=}) (26. Bxc6
$10) (26. Nf1 $5) 26... Bxe4 $8 27. Qxe4 (27. Rxe4 Qd7 $1 $8 28. Re2 (28. Nxh6+
$2 gxh6 29. Rg4+ Kh7 $1 $19) (28. Bxh6 $2 f5 $17) 28... e4 (28... f5 29. Nxe5
Rxe5 30. Rxe5 Qxd2 31. Rd1 $13) 29. Qg3 Kh8 $15) 27... Qd7 $1 $8 28. Qc2 (28.
Be3 f5 29. Qc2 fxg4 $17) (28. Qe2 e4 $1 (28... f5 $2 29. Nxe5 Rxe5 30. Qxe5
Qxd2 31. Qe6+ Kh7 32. Red1 $1 {/\ Qb6+/-}) 29. Red1 Qe6 $1 $10) 28... e4 $1 29.
Be3 (29. Rcd1 $10) 29... Nd5 30. Qd2 f5 (30... Red8 31. Bd4 $5 (31. Red1 {
/\ 32.c4, 32.Bh6} f5 {- 30...f5})) 31. Red1 Red8 (31... fxg4 32. Qxd5+ {
/\ c4+/=_|_}) 32. c4 $8 Ba3 $1 (32... fxg4 33. Qxd5+ Qxd5 34. cxd5 $1 $14) 33.
Rb1 $8 fxg4 (33... bxc4 $6 34. bxc4 Rxc4 $4 35. Ne5) 34. Qxd5+ Qxd5 35. Rxd5 $1
(35. cxd5 $2 gxh3 {/\ Rc2}) 35... Rxd5 36. cxd5 gxh3 $10 (36... Rc2 $5 37. Rd1
Bd6 38. a4 (38. Rd2 $4 Rc1+) (38. g3 $5 {/\ Bf4=}) (38. hxg4 Rxa2 39. g3 $13)
38... b4 (38... Rc3 39. axb5 {/\ b4}) 39. Bd4 $13) 37. gxh3 Rc3 (37... Rc2 38.
Rd1 Bd6 39. Rd2 $14) 38. Rd1 Rd3 39. Rxd3 exd3 $14 {NB 7/l} 40. Kg2 $1 Kf7 41.
Kf3 Bb4 42. Bd4 g5 $1 $8 (42... g6 43. Ke3 d2 44. Ke2 {/\ Be3-> ><h6, d2}) 43.
Ke3 d2 44. Ke2 Kg6 {/\ Kh5-h4<=>, /\ Kf5-e4-> ><d5} 45. f3 (45. Be3 Kf5 46.
Bxd2 Bxd2 47. Kxd2 Ke5 $10) (45. Bb2 Kf5 46. a3 Bd6 {/\ 47...Ke4, 47...Be5})
45... Kf5 46. Bg7 h5 (46... Kg6 47. Be5 Kf5 48. Bg3 $14) 47. Bd4 Kf4 $1 {
/\ Kg3<=>} 48. Be3+ Kf5 $1 49. Bxd2 (49. Kd1 Bc3 50. Kc2 Bb4) 49... Bxd2 50.
Kxd2 Ke5 51. Ke3 b4 $1 $8 52. d6 $8 (52. f4+ gxf4+ 53. Kf3 Kxd5 54. Kxf4 Kd4 {
/\ Kc3-b2-a2-b3-a4, b3-b2-b1Q-/+_|_, o^a6}) 52... Kxd6 53. f4 g4 $8 (53...
gxf4+ $2 54. Kxf4 Kd5 55. Kg5 Kd4 56. Kxh5 Kc3 57. Kg6 Kb2 58. h4 Kxa2 59. h5
Kxb3 60. h6 Ka2 61. h7 $18) 54. hxg4 hxg4 55. Ke4 Ke6 (55... Ke6 56. f5+ Kf6
57. Kf4 g3 58. Kxg3 Kxf5 59. Kf3 $10) 1/2-1/2